Bytový polyfunkčný objekt, Slovany, Bratislava

Guardado en:
Detalles Bibliográficos
Autor principal: Frčková, Silvia, 1990- (Autor)
Otros Autores: Závodný, Ľubomír, 1959- (Orientador)
Formato: Manuscrito Libro
Lenguaje:eslovaco
Publicado: Bratislava 2015
Materias:
Acceso en línea:http://is.stuba.sk/zp/portal_zp.pl?podrobnosti=112133
Etiquetas: Agregar Etiqueta
Sin Etiquetas, Sea el primero en etiquetar este registro!

MARC

LEADER 00000ntm a22000003a 4500
001 stuzp51918
003 SK-STU
005 20210305100855.5
007 ta
008 150427s2015----xo-----f-mn---000-0-slo-d
040 |a STU  |b slo 
041 0 |a slo 
100 1 |a Frčková, Silvia,  |d 1990-  |u 051110  |4 aut  |U FA Fakulta architektúry  |U FAD Fakulta architektúry  |T FA Ústav architektúry obytných budov  |X 68021  |U A1110  |Y 392  |7 A000068021 
242 0 1 |a The Mixed Use Building. Slovany, Bratislava  |y eng 
245 1 0 |a Bytový polyfunkčný objekt, Slovany, Bratislava 
260 |c 2015  |a Bratislava 
650 4 |a polyfunkčný bytový objekt  |2 slo 
650 4 |a horizontálnosť  |2 slo 
650 4 |a verejný priestor  |2 slo 
650 4 |a residential  |2 eng 
650 4 |a public space  |2 eng 
650 4 |a horizontality  |2 eng 
700 1 |a Závodný, Ľubomír,  |d 1959-  |4 ths  |X 45410  |7 45410 
856 4 |u http://is.stuba.sk/zp/portal_zp.pl?podrobnosti=112133  |u https://opac.crzp.sk/?fn=detailBiblioForm&sid=A7BD2F096A49022F25C99937FE46 
SQL |a stuzp51918  |b DDP  |c SLO  |d Bytový polyfunkčný objekt, Slovany, Bratislava  |e 68021  |f Frčková, Silvia  |g 051110  |h 45410  |i Závodný, Ľubomír  |j 20150604  |k 153  |l 05  |m http://is.stuba.sk/zp/portal_zp.pl?podrobnosti=112133  |n I-ARCH  |o 5.1.1. architektúra a urbanizmus